000 00452nam a2200169 i 4500
001 84398
003 ES-MaACL
005 20230906175017.0
007 t|
008 041122s1920 fr ||||1| fre d
100 1 _aJammes, Francis.
_965987
245 1 0 _aMonsieur le curé d'Ozeron
_b: roman /
_cFrancis Jammes.
250 _a17éme éd.
260 _aParis :
_bMercure de France,
_c1920.
300 _a283 p. ;
_c19 cm.
852 _aES-MaACL
_jG-8591
999 _c84398
_d84398